000 00580cab a2200217 4500
001 X79576
008 090401t1997 xxu||||| |||| 00| 0 eng d
035 _a(Sirsi) u79576
041 _aeng
245 _aLand registration-overriding interest
260 _c1997
350 _a0
490 _aEstates Gazette Case Summaries
_v(1997) EGCS 103 (4/7/97)
520 _a"Gracechurch Estates Ltd v Boateng" CA 20 June 1997.
650 _aFLATS
650 _aLAND REGISTRATION
650 _aOVERRIDING INTEREST
690 _aLAND-CASE LAW
942 _n0
948 _c11/07/1997
999 _c50037
_d50037